| 000 | 01180nam a2200361 a 4500 | ||
|---|---|---|---|
| 999 |
_c3715 _d3715 |
||
| 005 | 20200522144602.0 | ||
| 008 | 140305b1983 lh ||||| |||| 00| 0 eng d | ||
| 040 |
_aCO-BoIAVH _cCO-BoIAVH |
||
| 041 |
_aspa _heng |
||
| 082 | _a918.861 | ||
| 090 |
_aLB _b02251 |
||
| 100 |
_aHammen , Thomas van der _9103133 |
||
| 245 |
_aCordillera Central colombiana transecto Parque Los Nevados _bintroducción y datos iniciales |
||
| 260 |
_aVaduz _bJ. Cramer _c1983 |
||
| 300 | _a344 p. | ||
| 650 |
_aEcosistemas andinos _9103134 |
||
| 650 |
_aGeomorfología _9103135 |
||
| 650 |
_aClima _9103136 |
||
| 650 |
_aSuelos _9103137 |
||
| 650 |
_aPaleoecología _9103138 |
||
| 650 |
_aVegetación _9103139 |
||
| 650 |
_aFauna _9103140 |
||
| 650 |
_aParques nacionales naturales _9103141 |
||
| 650 |
_aAreas protegidas _9103142 |
||
| 650 |
_aPáramos _9103143 |
||
| 650 |
_aBosques altoandinos _9103144 |
||
| 650 |
_aGeología _9103145 |
||
| 662 |
_aColombia _cCordillera Central |
||
| 662 |
_aColombia _cParque Nacional Natural Los Nevados _bCaldas, Risaralda, Quindío y Tolima |
||
| 700 |
_aPérez Preciado, Alfonso _9103146 |
||
| 700 |
_aPinto, Polidoro E. _915962 |
||
| 942 |
_cLIBRO _2z |
||